Kr̥shaka-jīvana-sambandhī Brajabhāshā-śabdāvalī; (Record no. 53665)

MARC details
000 -LEADER
fixed length control field 00880cam a2200253 4500
001 - CONTROL NUMBER
control field sa 63000854
003 - CONTROL NUMBER IDENTIFIER
control field DLC
005 - DATE AND TIME OF LATEST TRANSACTION
control field 20260227111923.0
008 - FIXED-LENGTH DATA ELEMENTS--GENERAL INFORMATION
fixed length control field 910830m19609999ii a 000 0 hinr
010 ## - LIBRARY OF CONGRESS CONTROL NUMBER
LC control number sa 63000854
040 ## - CATALOGING SOURCE
Original cataloging agency DLC
Transcribing agency DLC
043 ## - GEOGRAPHIC AREA CODE
Geographic area code a-ii---
050 00 - LIBRARY OF CONGRESS CALL NUMBER
Classification number S471.I3
Item number S9
100 0# - MAIN ENTRY--PERSONAL NAME
Personal name Ambāprasāda Sumana,
Dates associated with a name 1916-1997.
245 10 - TITLE STATEMENT
Title Kr̥shaka-jīvana-sambandhī Brajabhāshā-śabdāvalī;
Remainder of title Alīgaṛha-kshetra kī bolī ke ādhāra para.
Statement of responsibility, etc. lekhaka Ambāprasāda "Sumana." Nirdeśaka evaṃ bhūmikā-lekhaka Vāsudevaśraṇa Agravāla.
250 ## - EDITION STATEMENT
Edition statement 1. saṃskaraṇa.
260 ## - PUBLICATION, DISTRIBUTION, ETC.
Place of publication, distribution, etc. Ilāhābāda,
Name of publisher, distributor, etc. Hindustānī Ekeḍemī,
Date of publication, distribution, etc. [1960]-1961.
300 ## - PHYSICAL DESCRIPTION
Extent 2 v. :
Other physical details ill. ;
Dimensions 26 cm.
500 ## - GENERAL NOTE
General note In Hindi.
500 ## - GENERAL NOTE
General note Includes indexes.
650 #0 - SUBJECT ADDED ENTRY--TOPICAL TERM
Topical term or geographic name entry element Agriculture
Geographic subdivision India.
651 #0 - SUBJECT ADDED ENTRY--GEOGRAPHIC NAME
Geographic name India
General subdivision Social life and customs.
650 #0 - SUBJECT ADDED ENTRY--TOPICAL TERM
Topical term or geographic name entry element Do-it-yourself work.

No items available.

Powered by Koha